000
00274nam a2200121Ia 4500
008
220204s9999 xx 000 0 und d
082
_a
633.71
_b
GOP
100
_a
GOPALACHARI, N C
245
0
_a
Tobacco
260
_a
New Delhi
_b
ICAR
_c
1984
650
_a
Tobacco
942
_c
BK
999
_c
39170
_d
39170